000
003260000a22001450004500
001
004703
003
MACL
040
_a
MACL
090
_c
16696
_d
16695
100
_a
Pal, Pratapaditya
245
_a
Nepal
_b
Old Images, New Insights
_c
Pratapaditya Pal
260
_a
Mark Publications
650
_a
Religion
942
_k
294
_c
Book
999
_c
16590
_d
16590